000 00827cab a2200253 4500
001 ABS54654
008 090401t1996 xxu||||| |||| 00| 0 eng d
035 _a(Sirsi) u11542
041 _aeng
100 _aAllen, J.D.
245 _aCrine wave pays off in North Sea
260 _c1996
350 _a0
490 _aConstruction News
_v(6456) 14 March 1996, 12-13(2)
520 _aDiscusses the application of Cost Reduction Initiative for the New ERA (CRINE) principles in the offshore oil industry and its effectiveness in reducing costs and overheads.
650 _aCOST REDUCTION INITIATIVE FOR THE NEW ERA
650 _aCOST REDUCTION
650 _aCRINE
650 _aOFFSHORE OIL INDUSTRY
650 _aPROCUREMENT COSTS
690 _aBUILT ENVIRONMENT-BUILDING COSTS
942 _n0
948 _c04/03/1997
999 _c7359
_d7359